Trí tuệ Do Thái : Những phương pháp phát triển trí tuệ của người Do Thái
Trí tuệ Do Thái là câu chuyện về một dân tộc Do Thái thông thạo với những phương pháp và kỹ thuật xây dựng và phát triển tầng lớp tri thức đã được giữ kín hàng ngàn năm như một bí mật mang tính văn hóa....
保存先:
| 第一著者: | |
|---|---|
| フォーマット: | 図書 |
| 言語: | Undetermined |
| 出版事項: |
Hà Nội
Tri Thức
2010
|
| 主題: | |
| タグ: |
タグ追加
タグなし, このレコードへの初めてのタグを付けませんか!
|
| Thư viện lưu trữ: | Trung tâm Học liệu Trường Đại học Cần Thơ |
|---|
| LEADER | 01008nam a2200229Ia 4500 | ||
|---|---|---|---|
| 001 | CTU_158522 | ||
| 008 | 210402s9999 xx 000 0 und d | ||
| 020 | |c 79000 | ||
| 082 | |a 153 | ||
| 082 | |b K11 | ||
| 100 | |a Katz, Earn | ||
| 245 | 0 | |a Trí tuệ Do Thái : | |
| 245 | 0 | |b Những phương pháp phát triển trí tuệ của người Do Thái | |
| 245 | 0 | |c Eran Katz ; Phương Oanh (dịch) | |
| 260 | |a Hà Nội | ||
| 260 | |b Tri Thức | ||
| 260 | |c 2010 | ||
| 520 | |a Trí tuệ Do Thái là câu chuyện về một dân tộc Do Thái thông thạo với những phương pháp và kỹ thuật xây dựng và phát triển tầng lớp tri thức đã được giữ kín hàng ngàn năm như một bí mật mang tính văn hóa. | ||
| 650 | |a Jews,Israeli literature,Memory | ||
| 650 | |x Intelligence levels | ||
| 904 | |i HHTrang, Giang | ||
| 980 | |a Trung tâm Học liệu Trường Đại học Cần Thơ | ||